| 000 -LEADER | |
|---|---|
| fixed length control field | 00458nam a22001697a 4500 |
| 005 - DATE AND TIME OF LATEST TRANSACTION | |
| control field | 20211005102049.0 |
| 008 - FIXED-LENGTH DATA ELEMENTS--GENERAL INFORMATION | |
| fixed length control field | 160520b xxu||||| |||| 00| 0 eng d |
| 020 ## - INTERNATIONAL STANDARD BOOK NUMBER | |
| ISBN | 81-85099-14-6 |
| 041 ## - LANGUAGE CODE | |
| Language code of text/sound track or separate title | eng |
| 082 ## - DEWEY DECIMAL CLASSIFICATION NUMBER | |
| Item number | 3433 |
| 100 ## - MAIN ENTRY--AUTHOR NAME | |
| Personal name | Choudhury skh & choudhury akh T Roy N |
| 245 ## - TITLE STATEMENT | |
| Title | Elements workshop technology Manufacturing process |
| 260 ## - PUBLICATION, DISTRIBUTION, ETC. (IMPRINT) | |
| Name of publisher | Media promotion & Pub. |
| Year of publication | 2011 |
| 300 ## - PHYSICAL DESCRIPTION | |
| Number of Pages | 670 |
| 650 ## - SUBJECT ADDED ENTRY--TOPICAL TERM | |
| Topical Term | DIPLOMA ENGINEERING |
| 942 ## - ADDED ENTRY ELEMENTS (KOHA) | |
| Koha item type | Books |
| Lost status | Damaged status | Home library | Current library | Shelving location | Date acquired | Cost, normal purchase price | Full call number | Accession Number | Koha item type | Collection code |
|---|---|---|---|---|---|---|---|---|---|---|
| JRU Library | SHELF-45-N | 20/05/2016 | 260.00 | 3433 | 3433 | Books | ||||
| JRU Library | SHELF-45-N | 20/05/2016 | 260.00 | 3433 | 3434 | Books | ||||
| JRU Library | JRU Library | SHELF-58-G | 20/05/2016 | 260.00 | 3433 | 3435 | Books | MINING | ||
| JRU Library | SHELF-45-N | 20/05/2016 | 260.00 | 3433 | 3436 | Books | ||||
| JRU Library | 20/05/2016 | 260.00 | 3433 | 3437 | Books | |||||
| JRU Library | SHELF -72 - J | 20/05/2016 | 260.00 | 3433 | 3438 | Books | Reference | |||
| JRU Library | JRU Library | SHELF-58-G | 20/05/2016 | 260.00 | 3433 | 3439 | Books | MINING | ||
| JRU Library | JRU Library | SHELF-58-G | 20/05/2016 | 260.00 | 3433 | 3440 | Books | MINING | ||
| Lost | JRU Library | JRU Library | 20/05/2016 | 260.00 | 3433 | 3441 | Books | |||
| JRU Library | SHELF-45-N | 20/05/2016 | 260.00 | 3433 | 3442 | Books |